000
00484nam a2200133Ia 4500
008
100328s9999 xx 000 0 und d
082
_b
20636
100
_a
तुळजीपुरकर वैनतेय द.
245
_a
अठरावं वरिस (च) लग्नाचं
260
_b
प्रणव
630
_a
अठरावं वरिस (च) लग्नाचं
730
_a
अठरावं वरिस (च) लग्नाचं
942
_c
BOOK
999
_c
514734
_d
514731